[Event "Open Marianske Lazne 2015 - C - open"]
[Site "Marianske Lazne CZE"]
[Date "2015.01.17"]
[Round "1.9"]
[White "Von Keyserlingk, Chanda"]
[Black "Shevchenko, Kirill"]
[Result "0-1"]
[WhiteElo "1779"]
[BlackElo "2247"]
[PlyCount "48"]
[EventDate "2015.01.17"]
[EventType "swiss"]
[EventRounds "9"]
[EventCountry "CZE"]
[Source "lmi"]
[SourceDate "2015.01.17"]

1. d4 Nf6 2. c4 e6 3. Nc3 Bb4 4. Qc2 O-O 5. e3 b6 6. Bd3 Bb7 7. f3 d5 8. Nge2
Nbd7 9. O-O dxc4 10. Bxc4 c5 11. a3 Bxc3 12. bxc3 Qc7 13. Qa2 Rac8 14. Bb5 Bd5
15. c4 Bc6 16. Ba6 Bb7 17. Bxb7 Qxb7 18. Bd2 Qa6 19. Rfc1 cxd4 20. Nxd4 Ne5 21.
Bb4 Rfe8 22. c5 Nd3 23. Qc4 Qxc4 24. Rxc4 bxc5 0-1

[Event "Open Marianske Lazne 2015 - C - open"]
[Site "Marianske Lazne CZE"]
[Date "2015.01.17"]
[Round "1.10"]
[White "Gergel, Vladimir"]
[Black "Dolezal, Rudolf"]
[Result "1-0"]
[WhiteElo "2232"]
[BlackElo "1777"]
[PlyCount "26"]
[EventDate "2015.01.17"]
[EventType "swiss"]
[EventRounds "9"]
[EventCountry "CZE"]
[Source "lmi"]
[SourceDate "2015.01.17"]

1. e4 e6 2. d3 c5 3. Nf3 Nc6 4. g3 d6 5. Bg2 Be7 6. O-O h6 7. Nbd2 g5 8. h3 Nf6
9. Kh2 e5 10. Nc4 Be6 11. Ne3 Qc8 12. Nd5 Bd8 13. Nxf6+ Bxf6 1-0

[Event "Open Marianske Lazne 2015 - C - open"]
[Site "Marianske Lazne CZE"]
[Date "2015.01.17"]
[Round "1.11"]
[White "Nguyen, Thai Dai Van"]
[Black "Ruzicka, Tomas"]
[Result "1-0"]
[WhiteElo "2212"]
[BlackElo "1764"]
[PlyCount "107"]
[EventDate "2015.01.17"]
[EventType "swiss"]
[EventRounds "9"]
[EventCountry "CZE"]
[Source "lmi"]
[SourceDate "2015.01.17"]

1. e4 e5 2. Nf3 Nf6 3. Nxe5 d6 4. Nf3 Nxe4 5. Nc3 Nxc3 6. dxc3 Nc6 7. Be3 Be6
8. Qd2 Qe7 9. Bb5 Bd7 10. O-O-O O-O-O 11. Rhe1 Ne5 12. Bxd7+ Rxd7 13. Bxa7 f6
14. Be3 Qf7 15. Kb1 Nxf3 16. gxf3 Qh5 17. f4 Qa5 18. Qe2 Be7 19. Qg4 Bd8 20. f5
Re7 21. Rd4 h5 22. Qh3 Re5 23. Red1 Rb5 24. c4 Re5 25. b3 Qc3 26. R4d3 Qb4 27.
Qg2 Rg8 28. c5 Be7 29. cxd6 Bxd6 30. Rd4 Qb5 31. Bf4 Rxf5 32. Bxd6 cxd6 33.
Rxd6 Rc5 34. Qh3+ Kb8 35. Qg3 Ka7 36. R6d4 Rc6 37. Ra4+ Ra6 38. Rxa6+ bxa6 39.
Qe3+ Kb8 40. Rd6 Re8 41. Rb6+ Kc7 42. Rxb5 Rxe3 43. Rxh5 Re1+ 44. Kb2 Kc6 45.
Rh7 Rg1 46. h4 Kd5 47. Rh5+ Kc6 48. Rf5 Re1 49. h5 Re5 50. Rxe5 fxe5 51. c4 Kc5
52. Kc3 a5 53. a3 e4 54. b4+ 1-0

[Event "Open Marianske Lazne 2015 - C - open"]
[Site "Marianske Lazne CZE"]
[Date "2015.01.17"]
[Round "1.12"]
[White "Berka, Lubos"]
[Black "Volodin, Viktor"]
[Result "1-0"]
[WhiteElo "1724"]
[BlackElo "2186"]
[PlyCount "99"]
[EventDate "2015.01.17"]
[EventType "swiss"]
[EventRounds "9"]
[EventCountry "CZE"]
[Source "lmi"]
[SourceDate "2015.01.17"]

1. e4 d5 2. exd5 Qxd5 3. Nc3 Qd6 4. d4 Nf6 5. Nf3 c6 6. Be2 Bg4 7. h3 Bh5 8.
Be3 Nbd7 9. O-O e6 10. Ng5 Bxe2 11. Qxe2 Be7 12. a3 Qc7 13. Nce4 h6 14. Nxf6+
gxf6 15. Nxf7 Kxf7 16. Qh5+ Kg7 17. Qg4+ Kf8 18. Qg6 Nb6 19. Bxh6+ Rxh6 20.
Qxh6+ Ke8 21. Rfe1 Kd7 22. Re4 Rd8 23. Rae1 Kc8 24. Rxe6 Nd5 25. Qh7 Rd7 26. c4
Bd8 27. Qf5 Qf4 28. Qe4 Qxe4 29. R6xe4 Ne7 30. b3 Nf5 31. Rd1 Be7 32. Rde1 Bxa3
33. h4 Bb2 34. h5 Bxd4 35. Re8+ Kc7 36. g4 Nh6 37. R8e7 Nxg4 38. Rxd7+ Kxd7 39.
Re4 Bxf2+ 40. Kg2 f5 41. Rxg4 fxg4 42. Kxf2 Ke6 43. Kg3 Kf5 44. h6 Kg6 45. Kxg4
Kxh6 46. Kf5 Kg7 47. Ke5 Kg6 48. Kd6 Kf6 49. Kc7 Ke5 50. Kxb7 1-0

[Event "Open Marianske Lazne 2015 - C - open"]
[Site "Marianske Lazne CZE"]
[Date "2015.01.17"]
[Round "1.13"]
[White "Pedersen, Henrik Bolding"]
[Black "Kucera, Tomas"]
[Result "1-0"]
[WhiteElo "2181"]
[BlackElo "1696"]
[PlyCount "43"]
[EventDate "2015.01.17"]
[EventType "swiss"]
[EventRounds "9"]
[EventCountry "CZE"]
[Source "lmi"]
[SourceDate "2015.01.17"]

1. e4 c5 2. Nf3 Nc6 3. Bb5 d6 4. O-O Bd7 5. c3 a6 6. Ba4 b5 7. Bc2 Bg4 8. a4
Ne5 9. axb5 axb5 10. Rxa8 Qxa8 11. Na3 Qb7 12. Nxb5 Bxf3 13. gxf3 Nxf3+ 14.
Qxf3 Qxb5 15. e5 Qa6 16. exd6 exd6 17. Re1+ Be7 18. Qe4 Kd8 19. d4 Qa7 20. dxc5
Qxc5 21. Be3 Qa5 22. Qc6 1-0

[Event "Open Marianske Lazne 2015 - C - open"]
[Site "Marianske Lazne CZE"]
[Date "2015.01.17"]
[Round "1.14"]
[White "Froehlich, Manuel"]
[Black "Najart, David"]
[Result "0-1"]
[WhiteElo "1689"]
[BlackElo "2154"]
[PlyCount "70"]
[EventDate "2015.01.17"]
[EventType "swiss"]
[EventRounds "9"]
[EventCountry "CZE"]
[Source "lmi"]
[SourceDate "2015.01.17"]

1. d4 Nf6 2. c4 g6 3. Nc3 Bg7 4. e4 d6 5. Bd3 O-O 6. Nge2 c5 7. Be3 Ng4 8. Qd2
Nxe3 9. Qxe3 cxd4 10. Nxd4 Qb6 11. Ndb5 Bxc3+ 12. bxc3 Qxe3+ 13. fxe3 Na6 14.
Kd2 Bd7 15. Rab1 Bc6 16. Nd4 Nc5 17. Nxc6 bxc6 18. Rb2 Rab8 19. Rhb1 Rxb2+ 20.
Rxb2 Kg7 21. g4 g5 22. Bc2 Kf6 23. Ke2 h5 24. Rb1 hxg4 25. Rf1+ Ke6 26. e5 dxe5
27. Bf5+ Kd6 28. Bxg4 e6 29. h3 f5 30. Bf3 e4 31. Bh1 Rh8 32. Rd1+ Ke5 33. Rd2
f4 34. exf4+ gxf4 35. Kf2 e3+ 0-1

[Event "Open Marianske Lazne 2015 - C - open"]
[Site "Marianske Lazne CZE"]
[Date "2015.01.17"]
[Round "1.15"]
[White "Golcman, Evgeny"]
[Black "Friedel, Roland"]
[Result "1-0"]
[WhiteElo "2117"]
[BlackElo "1674"]
[PlyCount "45"]
[EventDate "2015.01.17"]
[EventType "swiss"]
[EventRounds "9"]
[EventCountry "CZE"]
[Source "lmi"]
[SourceDate "2015.01.17"]

1. c4 Nf6 2. Nc3 e6 3. e4 d5 4. e5 Nfd7 5. d4 dxc4 6. Bxc4 Nb6 7. Bb3 Nd5 8. f4
Bb4 9. Bd2 Bxc3 10. bxc3 c6 11. Nf3 O-O 12. O-O f6 13. c4 Nc7 14. exf6 Qxf6 15.
Qe2 Nba6 16. Ne5 Rd8 17. Bc3 Qe7 18. Rad1 h6 19. Bc2 c5 20. Qe4 Qd6 21. Qh7+
Kf8 22. Qh8+ Ke7 23. Qxg7+ 1-0

[Event "Open Marianske Lazne 2015 - C - open"]
[Site "Marianske Lazne CZE"]
[Date "2015.01.17"]
[Round "1.16"]
[White "Moncayo Romero, Evelyn"]
[Black "Kirs, Pavel"]
[Result "1-0"]
[WhiteElo "2101"]
[BlackElo "1636"]
[PlyCount "43"]
[EventDate "2015.01.17"]
[EventType "swiss"]
[EventRounds "9"]
[EventCountry "CZE"]
[Source "lmi"]
[SourceDate "2015.01.17"]

1. e4 e5 2. Nf3 Nc6 3. Bb5 Bc5 4. O-O Nge7 5. c3 Bb6 6. d4 exd4 7. cxd4 d5 8.
exd5 Nxd5 9. Re1+ Be6 10. Nc3 O-O 11. Bxc6 bxc6 12. Ne5 Ne7 13. Be3 f6 14. Nxc6
Nxc6 15. d5 Bd7 16. dxc6 Bxc6 17. Qb3+ Kh8 18. Rad1 Qc8 19. Bxb6 axb6 20. Qc4
Qb7 21. Re7 Bxg2 22. Qg4 1-0

[Event "Open Marianske Lazne 2015 - C - open"]
[Site "Marianske Lazne CZE"]
[Date "2015.01.17"]
[Round "1.17"]
[White "Kolovratnik, Milos"]
[Black "Lipski, Lukasz"]
[Result "1-0"]
[WhiteElo "2087"]
[BlackElo "1633"]
[PlyCount "27"]
[EventDate "2015.01.17"]
[EventType "swiss"]
[EventRounds "9"]
[EventCountry "CZE"]
[Source "lmi"]
[SourceDate "2015.01.17"]

1. d4 Nf6 2. Nf3 e6 3. g3 b6 4. Bg2 d5 5. O-O Ba6 6. Ne5 Bd6 7. c4 O-O 8. Nc3
c5 9. cxd5 cxd4 10. Qxd4 Qc7 11. Bf4 g5 12. dxe6 gxf4 13. Nxf7 Be7 14. Nd5 1-0

[Event "Open Marianske Lazne 2015 - C - open"]
[Site "Marianske Lazne CZE"]
[Date "2015.01.17"]
[Round "1.18"]
[White "Voloshin, Pavel"]
[Black "Voith, Walter"]
[Result "1-0"]
[WhiteElo "2073"]
[BlackElo "1613"]
[PlyCount "41"]
[EventDate "2015.01.17"]
[EventType "swiss"]
[EventRounds "9"]
[EventCountry "CZE"]
[Source "lmi"]
[SourceDate "2015.01.17"]

1. e4 d5 2. exd5 Qxd5 3. Nc3 Qa5 4. Nf3 Nf6 5. Be2 Bf5 6. O-O e6 7. Nd4 Bg6 8.
Nb3 Qb6 9. d4 c6 10. Bf4 Nbd7 11. Bf3 O-O-O 12. Qe2 Nd5 13. Nxd5 exd5 14. c4
Nf6 15. c5 Qb4 16. Qe5 Ne8 17. Bg4+ f5 18. Qe6+ Rd7 19. Bxf5 Nf6 20. Qe5 Bd6
21. Bxd7+ 1-0

[Event "Open Marianske Lazne 2015 - C - open"]
[Site "Marianske Lazne CZE"]
[Date "2015.01.17"]
[Round "1.19"]
[White "Vavra, Pavel"]
[Black "Luczak, Filip"]
[Result "1/2-1/2"]
[WhiteElo "2029"]
[BlackElo "1535"]
[PlyCount "52"]
[EventDate "2015.01.17"]
[EventType "swiss"]
[EventRounds "9"]
[EventCountry "CZE"]
[Source "lmi"]
[SourceDate "2015.01.17"]

1. d4 Nf6 2. Nf3 e6 3. Bg5 d5 4. e3 Be7 5. Nbd2 Nbd7 6. Bd3 O-O 7. c3 c5 8. O-O
b6 9. Qc2 Bb7 10. Rad1 Rc8 11. Rfe1 h6 12. Bh4 Nh5 13. Bxe7 Qxe7 14. Bf1 e5 15.
dxe5 Nxe5 16. Qf5 Nxf3+ 17. Nxf3 Nf6 18. c4 Qe4 19. Qxe4 dxe4 20. Nh4 g6 21.
Rd6 Kg7 22. Red1 Rfe8 23. g3 Re5 24. Bh3 Rc7 25. Ng2 g5 26. Ne1 Bc6 1/2-1/2

[Event "Open Marianske Lazne 2015 - C - open"]
[Site "Marianske Lazne CZE"]
[Date "2015.01.17"]
[Round "1.20"]
[White "Tejaswini, Sagar"]
[Black "Studer, Urs"]
[Result "1-0"]
[WhiteElo "1992"]
[BlackElo "1458"]
[PlyCount "55"]
[EventDate "2015.01.17"]
[EventType "swiss"]
[EventRounds "9"]
[EventCountry "CZE"]
[Source "lmi"]
[SourceDate "2015.01.17"]

1. e4 e5 2. Nf3 Nf6 3. Nxe5 d6 4. Nf3 Nxe4 5. Nc3 Nxc3 6. dxc3 Nc6 7. Bf4 Bg4
8. Be2 Be7 9. Qd2 O-O 10. O-O-O h6 11. Kb1 Bxf3 12. Bxf3 Rb8 13. h4 Ne5 14. Be4
f5 15. Bxb7 Kh7 16. Bd5 Ng6 17. Be3 a5 18. Ba7 Rb5 19. a4 Rxd5 20. Qxd5 Nxh4
21. g3 Ng6 22. Qxa5 Ne5 23. Bd4 Ng4 24. f3 Nf6 25. Qxf5+ g6 26. Qh3 Nh5 27. g4
Nf4 28. Qxh6+ 1-0

[Event "Open Marianske Lazne 2015 - C - open"]
[Site "Marianske Lazne CZE"]
[Date "2015.01.17"]
[Round "1.21"]
[White "Hoke, Petr"]
[Black "Dadello, Barbara"]
[Result "1-0"]
[WhiteElo "1948"]
[BlackElo "1189"]
[PlyCount "57"]
[EventDate "2015.01.17"]
[EventType "swiss"]
[EventRounds "9"]
[EventCountry "CZE"]
[Source "lmi"]
[SourceDate "2015.01.17"]

1. e4 c5 2. c3 d6 3. d3 Nf6 4. Nd2 e6 5. g3 Be7 6. Bg2 O-O 7. f4 Nc6 8. Ngf3
Qc7 9. O-O a6 10. Qe2 b5 11. h3 Bb7 12. b3 Rac8 13. Bb2 Rfd8 14. Rac1 h6 15. g4
Qb8 16. Nh2 Qc7 17. h4 Qb6 18. g5 hxg5 19. hxg5 Nd7 20. Qh5 c4+ 21. d4 cxb3 22.
Nxb3 Qc7 23. Rf3 Nf8 24. Rh3 f6 25. g6 Nxg6 26. Qxg6 Qd7 27. Rh7 Bf8 28. Ng4
Qf7 29. Nh6# 1-0

[Event "Open Marianske Lazne 2015 - C - open"]
[Site "Marianske Lazne CZE"]
[Date "2015.01.17"]
[Round "1.22"]
[White "Siya, Sagar"]
[Black "Vacha, Jaroslav"]
[Result "0-1"]
[WhiteElo "1164"]
[BlackElo "1947"]
[PlyCount "50"]
[EventDate "2015.01.17"]
[EventType "swiss"]
[EventRounds "9"]
[EventCountry "CZE"]
[Source "lmi"]
[SourceDate "2015.01.17"]

1. e4 c5 2. Nf3 Nc6 3. d4 cxd4 4. Nxd4 Nf6 5. Nc3 e6 6. a3 a6 7. Be3 d5 8. exd5
exd5 9. h3 Bd6 10. Be2 O-O 11. O-O Re8 12. Nb3 Bc7 13. Bf3 Qd6 14. g3 Rxe3 15.
Bg2 Re8 16. Nxd5 Nxd5 17. Qxd5 Qxd5 18. Bxd5 Bxh3 19. Rfd1 Re2 20. Rac1 Bb6 21.
Kh2 Bg4 22. Kg1 Rxf2 23. Re1 Rd2+ 24. Kf1 Bh3+ 25. Bg2 Bxg2# 0-1

[Event "Open Marianske Lazne 2015 - C - open"]
[Site "Marianske Lazne CZE"]
[Date "2015.01.18"]
[Round "2.1"]
[White "Dadello, Aleksandra"]
[Black "Ivanov, Mikhail M"]
[Result "0-1"]
[WhiteElo "2032"]
[BlackElo "2394"]
[PlyCount "86"]
[EventDate "2015.01.17"]
[EventType "swiss"]
[EventRounds "9"]
[EventCountry "CZE"]
[Source "lmi"]
[SourceDate "2015.01.17"]

1. e4 g6 2. d4 Bg7 3. f4 d5 4. e5 c5 5. Nf3 Bg4 6. dxc5 Nc6 7. Bb5 Qa5+ 8. Nc3
a6 9. Bxc6+ bxc6 10. O-O Qxc5+ 11. Qd4 Qxd4+ 12. Nxd4 Bd7 13. Na4 Nh6 14. Nc5
Nf5 15. c3 a5 16. b3 e6 17. g4 Ne7 18. Kg2 g5 19. f5 Bxe5 20. Bxg5 Rg8 21. Nxd7
Bxd4 22. cxd4 Kxd7 23. Bxe7 Kxe7 24. h3 h5 25. Kg3 hxg4 26. hxg4 Rab8 27. Rac1
Kd6 28. Rc5 Rb4 29. Rfc1 Rxd4 30. Rxc6+ Ke7 31. fxe6 Rgxg4+ 32. Kh3 fxe6 33.
Ra6 a4 34. Ra7+ Kf6 35. Rf1+ Ke5 36. Re1+ Rge4 37. Rxe4+ Kxe4 38. bxa4 Rd3+ 39.
Kg2 Ra3 40. Kf1 Rxa2 41. a5 d4 42. a6 d3 43. Ke1 Ke3 0-1

[Event "Open Marianske Lazne 2015 - C - open"]
[Site "Marianske Lazne CZE"]
[Date "2015.01.18"]
[Round "2.2"]
[White "Janska, Jitka"]
[Black "Gasthofer, Viktor"]
[Result "1/2-1/2"]
[WhiteElo "2021"]
[BlackElo "2323"]
[PlyCount "62"]
[EventDate "2015.01.17"]
[EventType "swiss"]
[EventRounds "9"]
[EventCountry "CZE"]
[Source "lmi"]
[SourceDate "2015.01.17"]

1. e4 d5 2. exd5 Qxd5 3. Nc3 Qd6 4. d4 Nf6 5. h3 c6 6. Nf3 Bf5 7. Bd3 Bxd3 8.
Qxd3 Nbd7 9. Be3 e6 10. O-O Qc7 11. Rad1 Be7 12. Ng5 O-O 13. Nge4 Rad8 14.
Nxf6+ Nxf6 15. Qe2 Rd7 16. Rd3 Nd5 17. Nxd5 Rxd5 18. Rfd1 Rfd8 19. Qg4 b5 20.
Bf4 Qd7 21. Be5 f6 22. Bg3 Bf8 23. Re1 Re8 24. Qe4 Bd6 25. Bxd6 Qxd6 26. c3 a5
27. a3 a4 28. Kh1 Qd7 29. Rde3 Qd6 30. Rd3 Qd7 31. Rde3 Qd6 1/2-1/2

[Event "Open Marianske Lazne 2015 - C - open"]
[Site "Marianske Lazne CZE"]
[Date "2015.01.18"]
[Round "2.3"]
[White "Kolbus, Dietmar"]
[Black "Janiszewski, Maciej"]
[Result "1-0"]
[WhiteElo "2319"]
[BlackElo "1999"]
[PlyCount "59"]
[EventDate "2015.01.17"]
[EventType "swiss"]
[EventRounds "9"]
[EventCountry "CZE"]
[Source "lmi"]
[SourceDate "2015.01.17"]

1. c4 e5 2. Nf3 Nc6 3. d4 d5 4. Nxe5 Nxe5 5. dxe5 d4 6. g3 Be6 7. Bg2 c6 8. Qa4
Ne7 9. O-O Ng6 10. f4 Qd7 11. Nd2 Bh3 12. Nf3 h5 13. e4 dxe3 14. Bxe3 Bxg2 15.
Kxg2 h4 16. Rad1 Qg4 17. Rh1 Bc5 18. Qb3 hxg3 19. hxg3 Rxh1 20. Rxh1 O-O-O 21.
Kf2 Bxe3+ 22. Qxe3 Kb8 23. b3 c5 24. Qe2 Ne7 25. Ng5 Qd7 26. Nxf7 Qd4+ 27. Kg2
Rd7 28. Nd6 Ng6 29. Rd1 Qc3 30. Nb5 1-0

[Event "Open Marianske Lazne 2015 - C - open"]
[Site "Marianske Lazne CZE"]
[Date "2015.01.18"]
[Round "2.4"]
[White "Kulas, Szymon"]
[Black "Bretsnajdr, Vladimir"]
[Result "1/2-1/2"]
[WhiteElo "2015"]
[BlackElo "2288"]
[PlyCount "44"]
[EventDate "2015.01.17"]
[EventType "swiss"]
[EventRounds "9"]
[EventCountry "CZE"]
[Source "lmi"]
[SourceDate "2015.01.17"]

1. e4 c5 2. Nf3 e6 3. d4 cxd4 4. Nxd4 a6 5. c4 Nf6 6. Nc3 Qc7 7. Be2 Bb4 8. Qd3
Nc6 9. O-O O-O 10. Bg5 Be7 11. Nxc6 bxc6 12. f4 d6 13. Qf3 Ne8 14. Bxe7 Qxe7
15. e5 d5 16. Na4 a5 17. Qc3 Qb4 18. Qxb4 axb4 19. Nb6 Rb8 20. c5 Nc7 21. Rf3
Rd8 22. a3 Na8 1/2-1/2

[Event "Open Marianske Lazne 2015 - C - open"]
[Site "Marianske Lazne CZE"]
[Date "2015.01.18"]
[Round "2.5"]
[White "Heydarli, Kanan"]
[Black "Belurkar, Nitish"]
[Result "1/2-1/2"]
[WhiteElo "2273"]
[BlackElo "1967"]
[PlyCount "65"]
[EventDate "2015.01.17"]
[EventType "swiss"]
[EventRounds "9"]
[EventCountry "CZE"]
[Source "lmi"]
[SourceDate "2015.01.17"]

1. d4 Nf6 2. Nf3 c5 3. dxc5 Na6 4. e3 Nxc5 5. Be2 g6 6. c4 a5 7. Nc3 Bg7 8. O-O
O-O 9. Nd4 d6 10. b3 Bd7 11. Bb2 Qb6 12. Rb1 a4 13. Ba1 axb3 14. axb3 Rfc8 15.
b4 Nce4 16. Nxe4 Nxe4 17. Bf3 Ng5 18. c5 dxc5 19. bxc5 Nxf3+ 20. Nxf3 Qc7 21.
Bxg7 Kxg7 22. Qd4+ Kg8 23. Ne5 Be6 24. Rfc1 Ra5 25. f4 Rxc5 26. Rxc5 Qxc5 27.
Qxc5 Rxc5 28. Rxb7 Rc1+ 29. Kf2 Rc2+ 30. Kf1 Rc1+ 31. Kf2 Rc2+ 32. Kf1 Rc1+ 33.
Kf2 1/2-1/2

[Event "Open Marianske Lazne 2015 - C - open"]
[Site "Marianske Lazne CZE"]
[Date "2015.01.18"]
[Round "2.6"]
[White "Wozniak, Mariola"]
[Black "Chudinovskikh, Alexander M"]
[Result "1/2-1/2"]
[WhiteElo "1983"]
[BlackElo "2258"]
[PlyCount "113"]
[EventDate "2015.01.17"]
[EventType "swiss"]
[EventRounds "9"]
[EventCountry "CZE"]
[Source "lmi"]
[SourceDate "2015.01.17"]

1. e4 g6 2. d4 Bg7 3. Nc3 c6 4. f4 d5 5. e5 h5 6. Nf3 Bg4 7. Be3 e6 8. Be2 Ne7
9. Qd2 Nd7 10. O-O-O b5 11. Rdf1 Nb6 12. b3 a5 13. h3 Bxf3 14. Bxf3 h4 15. g4
hxg3 16. Bg4 a4 17. Re1 axb3 18. cxb3 Qc7 19. Kb1 Nf5 20. Bxf5 exf5 21. Rc1 Qb7
22. Qg2 Qa6 23. Rc2 b4 24. Nd1 Qd3 25. Re1 O-O 26. Qd2 Qa6 27. Rg1 Rfb8 28.
Rxg3 Nc4 29. bxc4 dxc4 30. Qe2 b3 31. Rb2 Qxa2+ 32. Kc1 Bf8 33. Qxc4 Bb4 34.
Rxg6+ Kf8 35. Rf6 Rb7 36. Qxb3 Bd2+ 37. Bxd2 Qa1+ 38. Rb1 Rxb3 39. Rxa1 Rxa1+
40. Kc2 Rxh3 41. Rxc6 Rh2 42. Rb6 Ra4 43. Rd6 Ra2+ 44. Nb2 Rxb2+ 45. Kxb2 Rxd2+
46. Kc3 Rf2 47. Rf6 Rxf4 48. d5 Ke8 49. Kd3 Ke7 50. d6+ Ke8 51. Kd2 Re4 52.
Rxf5 f6 53. exf6 Rd4+ 54. Ke3 Rxd6 55. Kf4 Kf7 56. Ke5 Rd1 57. Rf4 1/2-1/2

[Event "Open Marianske Lazne 2015 - C - open"]
[Site "Marianske Lazne CZE"]
[Date "2015.01.18"]
[Round "2.7"]
[White "Antolak, Julia"]
[Black "Gergel, Vladimir"]
[Result "1-0"]
[WhiteElo "1964"]
[BlackElo "2232"]
[PlyCount "99"]
[EventDate "2015.01.17"]
[EventType "swiss"]
[EventRounds "9"]
[EventCountry "CZE"]
[Source "lmi"]
[SourceDate "2015.01.17"]

1. e4 c5 2. Nf3 e6 3. d4 cxd4 4. Nxd4 Nc6 5. Nc3 Qc7 6. Be2 a6 7. Be3 b5 8. a3
Bb7 9. O-O Nf6 10. f4 Na5 11. e5 Nd5 12. Nxd5 Bxd5 13. b3 d6 14. Bf3 Bxf3 15.
Qxf3 Rc8 16. f5 dxe5 17. fxe6 f6 18. Nf5 g6 19. Rad1 Qc6 20. e7 Bxe7 21. Nd6+
Kd7 22. Nf7+ Kc7 23. Qxc6+ Kxc6 24. Nxh8 Rxh8 25. Rd3 f5 26. Rfd1 b4 27. axb4
Bxb4 28. c3 Be7 29. Rd5 Nxb3 30. Rxe5 Bc5 31. Re6+ Kb5 32. Bxc5 Nxc5 33. Re7 a5
34. Rb1+ Kc4 35. Ra7 a4 36. Rc7 a3 37. Rb4+ Kxc3 38. Rb5 a2 39. Rbxc5+ Kb4 40.
Rc1 Ra8 41. Rxh7 Ka3 42. Rb7 g5 43. h3 f4 44. Ra1 Ra5 45. Kf2 Ra8 46. Kf3 Ra4
47. Kg4 f3+ 48. Kxf3 Rf4+ 49. Kg3 Re4 50. Rb5 1-0

[Event "Open Marianske Lazne 2015 - C - open"]
[Site "Marianske Lazne CZE"]
[Date "2015.01.18"]
[Round "2.8"]
[White "Stigar, Petter"]
[Black "Westphal, Norbert"]
[Result "1-0"]
[WhiteElo "2213"]
[BlackElo "1962"]
[PlyCount "91"]
[EventDate "2015.01.17"]
[EventType "swiss"]
[EventRounds "9"]
[EventCountry "CZE"]
[Source "lmi"]
[SourceDate "2015.01.17"]

1. Nf3 Nf6 2. c4 b6 3. g3 e6 4. Bg2 Bb7 5. O-O Be7 6. d4 O-O 7. Nc3 Ne4 8. Qc2
Nxc3 9. Qxc3 d6 10. b3 Nd7 11. Bb2 Bf6 12. Qc2 Rb8 13. Rad1 Qe7 14. Rd2 Bxf3
15. Bxf3 c5 16. e3 Rfd8 17. Rfd1 Nf8 18. Bg2 Rbc8 19. Qd3 Rd7 20. Qe2 Rdc7 21.
dxc5 dxc5 22. Bxf6 Qxf6 23. Rd3 g6 24. e4 e5 25. Bh3 Re8 26. Qd2 Kg7 27. Rd6
Qe7 28. Qc3 Kg8 29. R1d5 Rb7 30. a3 Rc7 31. Kg2 Rb7 32. b4 cxb4 33. axb4 Rc7
34. c5 bxc5 35. bxc5 Ra8 36. Qa5 f5 37. exf5 gxf5 38. Bxf5 e4 39. Rd4 e3 40.
Rg4+ Kf7 41. Qa2+ Ke8 42. Re4 Rxc5 43. Rxe7+ Kxe7 44. Re6+ Kd8 45. Rf6 Ke7 46.
Qf7+ 1-0

[Event "Open Marianske Lazne 2015 - C - open"]
[Site "Marianske Lazne CZE"]
[Date "2015.01.18"]
[Round "2.9"]
[White "Monin, Nikolay"]
[Black "Hoke, Petr"]
[Result "1-0"]
[WhiteElo "2200"]
[BlackElo "1948"]
[PlyCount "75"]
[EventDate "2015.01.17"]
[EventType "swiss"]
[EventRounds "9"]
[EventCountry "CZE"]
[Source "lmi"]
[SourceDate "2015.01.17"]

1. Nf3 d6 2. d4 Nd7 3. e4 e5 4. c4 c6 5. Nc3 Be7 6. Be2 Ngf6 7. O-O O-O 8. Qc2
Qc7 9. Rd1 Re8 10. Rb1 Nf8 11. d5 c5 12. a3 a6 13. b4 b6 14. a4 Bd7 15. Qd3 Ng6
16. g3 Reb8 17. Ne1 Bc8 18. Nc2 Qd7 19. Ne3 Bf8 20. Rd2 Rb7 21. Rdb2 Rab8 22.
Rb3 Be7 23. R1b2 Bd8 24. Qb1 h6 25. Bd2 Kf8 26. Nf5 Ne7 27. bxc5 dxc5 28. Ne3
a5 29. Nb5 Kg8 30. Bf3 Ng6 31. Qc1 Qe7 32. Qb1 Ne8 33. Bg4 Bxg4 34. Nxg4 Rd7
35. Ne3 Ra8 36. Nf5 Qf6 37. Rf3 Ne7 38. Nxh6+ 1-0

[Event "Open Marianske Lazne 2015 - C - open"]
[Site "Marianske Lazne CZE"]
[Date "2015.01.18"]
[Round "2.10"]
[White "Dmochowska, Agnieszka"]
[Black "Bartos, Jan"]
[Result "0-1"]
[WhiteElo "1913"]
[BlackElo "2159"]
[PlyCount "66"]
[EventDate "2015.01.17"]
[EventType "swiss"]
[EventRounds "9"]
[EventCountry "CZE"]
[Source "lmi"]
[SourceDate "2015.01.17"]

1. e4 e5 2. Nf3 Nc6 3. Bb5 Nge7 4. O-O g6 5. c3 a6 6. Ba4 Bg7 7. d4 exd4 8.
cxd4 O-O 9. Nc3 b5 10. Bb3 d6 11. h3 Bb7 12. Re1 Na5 13. Bc2 c5 14. Bg5 h6 15.
Bf4 Rc8 16. Qd3 Nec6 17. d5 Nb4 18. Qe2 Re8 19. a3 Nxd5 20. Nxd5 Bxd5 21. Rad1
Bc4 22. Qe3 d5 23. Bxh6 d4 24. Qf4 Qf6 25. Qxf6 Bxf6 26. e5 Bh8 27. Be4 Bb3 28.
Rd3 Bc2 29. Rd2 Bxe4 30. Rxe4 Nc4 31. Rde2 d3 32. Re1 Nxb2 33. Rb1 Na4 0-1

[Event "Open Marianske Lazne 2015 - C - open"]
[Site "Marianske Lazne CZE"]
[Date "2015.01.18"]
[Round "2.11"]
[White "Najart, David"]
[Black "Polak, Jiri"]
[Result "1/2-1/2"]
[WhiteElo "2154"]
[BlackElo "1893"]
[PlyCount "92"]
[EventDate "2015.01.17"]
[EventType "swiss"]
[EventRounds "9"]
[EventCountry "CZE"]
[Source "lmi"]
[SourceDate "2015.01.17"]

1. c4 Nf6 2. g3 d5 3. cxd5 Nxd5 4. Bg2 g6 5. Nc3 c6 6. Qb3 Nb6 7. Nf3 Bg7 8.
O-O O-O 9. d3 h6 10. Bf4 Bg4 11. h3 Bxf3 12. Bxf3 e5 13. Be3 N8d7 14. a4 Nf6
15. a5 Nbd5 16. Bc5 Re8 17. Qxb7 Nxc3 18. bxc3 e4 19. Bg2 Nd5 20. d4 Nxc3 21.
e3 Rb8 22. Qxa7 Nb5 23. Qa6 Qd7 24. Rfb1 Ra8 25. Qb6 Reb8 26. Rxb5 Rxb6 27.
Rxb6 f5 28. a6 Bf8 29. Rb7 Qxb7 30. axb7 Rxa1+ 31. Kh2 Rb1 32. Bxf8 Kxf8 33. f3
Rxb7 34. fxe4 fxe4 35. Bxe4 Rb2+ 36. Kg1 Re2 37. Bxc6 Rxe3 38. Kf2 Rc3 39. Be4
g5 40. Bf5 Ke7 41. Be4 Ke6 42. Bf3 Rd3 43. d5+ Rxd5 44. Bxd5+ Kxd5 45. Kf3 h5
46. h4 gxh4 1/2-1/2

[Event "Open Marianske Lazne 2015 - C - open"]
[Site "Marianske Lazne CZE"]
[Date "2015.01.18"]
[Round "2.12"]
[White "Nowak, Kamil"]
[Black "Johnsen, Gunnar"]
[Result "1-0"]
[WhiteElo "1892"]
[BlackElo "2150"]
[PlyCount "69"]
[EventDate "2015.01.17"]
[EventType "swiss"]
[EventRounds "9"]
[EventCountry "CZE"]
[Source "lmi"]
[SourceDate "2015.01.17"]

1. e4 e6 2. d4 d5 3. Nc3 Bb4 4. e5 Ne7 5. a3 Bxc3+ 6. bxc3 b6 7. Nf3 Ba6 8.
Bxa6 Nxa6 9. O-O Nb8 10. Ng5 h6 11. Nh3 Nbc6 12. Nf4 Qd7 13. Nh5 O-O-O 14. Nxg7
Na5 15. Nh5 Qa4 16. Rb1 c5 17. dxc5 bxc5 18. Be3 Qc6 19. Qe2 Nc4 20. Nf6 Nf5
21. Bf4 Nxa3 22. Ra1 Nb5 23. Bd2 c4 24. Rfb1 a6 25. Ra5 Kb7 26. Rba1 Ra8 27.
Qh5 Rhc8 28. Qxf7+ Rc7 29. Qh5 d4 30. cxd4 Rg7 31. d5 Qc5 32. g3 Qd4 33. dxe6
Qxe5 34. Qf3+ Kb8 35. Bf4 1-0